000 00739nam a2200241 4500
008
020 _a0582023582 (pbk.)
049 _aMAIN
090 _aTK7870.2
100 1 _aLoveday, George.
245 1 0 _aElectronic fault diagnosis /
_cGeorge Loveday
250 _a3rd ed.
260 _aHarlow :
_bLongman Scientific and Technical,
_cc1982.
300 _a132 p. :
_bill. ;
_c24 cm.
500 _aIncludes index.
650 0 _aElectronic apparatus and appliances
_xMaintenance and repair.
650 0 _aElectronic apparatus and appliances
_xTesting.
907 _a.b10169970
_b16-08-05
_c29-07-05
003
005 20230123134042.0
040 _cNUST
942 _cBOOKS
_kTK7870.2
999 _c159188
_d159188